000 00511nam a2200169Ia 4500
008 090201s9999 xx 000 0 und d
010 _aKPL-23570
040 _bमराठी
041 _aमराठी
082 _a40583
_b23570
100 _aरा ग जाधव
245 _aनिळी पहाट
_cरा ग जाधव
260 _c2004
_bप्राज्ञपाठशाळा मंडळ
300 _a156
_bमोठा
600 _aनिळी पहाट
942 _cBOOK
999 _c237837
_d237837